Memoria del Congreso Científico Mexicano : ciencias sociales /
Compilación de los trabajos presentados en el Congreso Científico Mexicano, el cual en esta ocasión se dedicó a las ciencias sociales dividiéndose en cuatro ramas más específicas: geografía, antropología, historia y sociología.
I tiakina i:
| Kaituhi rangatōpū: | |
|---|---|
| Hōputu: | Mauhanga Hui Pukapuka |
| Reo: | Pāniora |
| Ngā marau: | |
| Ngā Tūtohu: |
Kāore He Tūtohu, Me noho koe te mea tuatahi ki te tūtohu i tēnei pūkete!
|
MARC
| LEADER | 00000nam^a2200000^a^4500 | ||
|---|---|---|---|
| 001 | 000119851 | ||
| 005 | 20250521000000.0 | ||
| 009 | 20260310094330.517 | ||
| 037 | |a Acervo ITESO - Biblioteca | ||
| 041 | |a ESP | ||
| 082 | |a 300. 972 |b CON | ||
| 111 | |a Congreso Científico Mexicano ( |n 12o : |d 1953 : |c UNAM) | ||
| 245 | 1 | 0 | |a Memoria del Congreso Científico Mexicano : |b ciencias sociales / |c Congreso Científico Mexicano. |
| 264 | |a México : |b UNAM, |c 1953 | ||
| 300 | |a 606 p. | ||
| 336 | |a texto |b txt |2 rdacontenido | ||
| 337 | |a sin mediación |b n |2 rdamedio | ||
| 338 | |a volumen |b nc |2 rdasoporte | ||
| 520 | |a Compilación de los trabajos presentados en el Congreso Científico Mexicano, el cual en esta ocasión se dedicó a las ciencias sociales dividiéndose en cuatro ramas más específicas: geografía, antropología, historia y sociología. | ||
| 649 | |a XX | ||
| 650 | |a Ciencias Sociales - |z México - |x Congresos | ||
| 650 | |a Geografía - |z México - |x Estudio y Enseñanza | ||
| 650 | |a Geografía - |z México - |x Historia | ||
| 650 | |a Antropología Física - |z México | ||
| 650 | |a Indígenas de México - |x Historia | ||
| 650 | |a Indígenas de México - |x Condiciones Laborales | ||
| 650 | |a Lenguas Indígenas | ||
| 650 | |a Lenguaje y Lenguas | ||
| 650 | |a Lingüística | ||
| 650 | |a Antropología - |z México | ||
| 650 | |a Arqueología - |z México | ||
| 650 | |a Nombres Geográficos - |z México | ||
| 650 | |a México - |x Historia - |y Epoca Prehispánica | ||
| 650 | |a Periodismo - |z México - |x Historia - |y Siglo XVIII | ||
| 650 | |a Jesuitas en México - |x Historia - |y Siglo XVI | ||
| 650 | |a Monasticismo y Ordenes Religiosas - |z México - |x Historia - |y Siglo XVI | ||
| 650 | |a Educación - |z México - |x Historia - |y Siglo XVI | ||
| 650 | |a México - |x Historia - |y Siglo XVI | ||
| 650 | |a México - |x Historia - |y Virreinato, 1535-1821 | ||
| 650 | |a México - |x Historia - |y Epoca Colonial, 1517-1821 | ||
| 650 | |a Economía - |z México - |x Historia - |y Porfirismo, 1876-1911 | ||
| 650 | |a México - |x Historia - |y Porfirismo, 1876-1911 | ||
| 650 | |a México - |x Historia - |y República Liberal, 1867-1911 | ||
| 650 | |a México - |x Historia - |y Siglo XIX | ||
| 910 | |a Fondo Salvador Reynoso Reynoso | ||
| 920 | |a Impresos - Libros | ||
| 930 | |a Fondos Especiales | ||
| 905 | |a 112 | ||
| 901 | |a 0800005495 |b IT2 |c ESP |u 20250521 | ||
| 902 | |a https://opac.biblio.iteso.mx/vufind/Record/000119851 | ||